| 000 | 01492cam a2200445 4500 | ||
|---|---|---|---|
| 008 | 090401t1990 xxu||||| |||| 00| 0 eng d | ||
| 020 | _a0750610034 | ||
| 035 | _a(Sirsi) u30199 | ||
| 041 | _aeng | ||
| 050 | _a690.2 | ||
| 100 | _aStaveley, H.S. | ||
| 245 | _aBuilding surveys. | ||
| 260 |
_aLondon _bButterworth-Heinemann _c1990 |
||
| 300 | _ax,266p. : ill. ; 24cm. | ||
| 350 | _a25 | ||
| 520 | _aFirst edition entitled Surveying Building. Subsequent 3rd edition by Peter Glover alone. | ||
| 650 |
_aBlock management _96220 |
||
| 650 | _aCHIMNEYS | ||
| 650 | _aCOMMERCIAL BUILDINGS | ||
| 650 | _aCONDENSATION | ||
| 650 | _aDISCLAIMER CLAUSES | ||
| 650 | _aFLATS | ||
| 650 | _aBUILT ENVIRONMENT-BUILDING ELEMENTS-COMPLETE BUILDING ELEMENTS-FLOORS | ||
| 650 | _aBUILT ENVIRONMENT-BUILDING ELEMENTS-COMPLETE BUILDING ELEMENTS-FOUNDATIONS | ||
| 650 | _aJOINERY | ||
| 650 | _aMORTGAGE VALUATIONS | ||
| 650 | _aOLDER BUILINGS | ||
| 650 | _aBUILT ENVIRONMENT-BUILDING ELEMENTS-COMPLETE BUILDING ELEMENTS-ROOFS | ||
| 650 | _aSERVICE CHARGES | ||
| 650 | _aBUILT ENVIRONMENT-BUILDING SURVEYING-STRUCTURAL SURVEYING | ||
| 650 |
_aSurvey reports _96270 |
||
| 650 | _aTIMBER PRESERVATION | ||
| 650 | _aBUILT ENVIRONMENT-BUILDING ELEMENTS-COMPLETE BUILDING ELEMENTS-WALLS | ||
| 650 | _aWOOD-BORING INSECTS | ||
| 650 | _aWOOD-ROTTING FUNGI | ||
| 690 | _aBUILT ENVIRONMENT-BUILDING INSPECTION | ||
| 700 | _aGlover, Peter | ||
| 942 | _n0 | ||
| 948 | _c04/03/1997 | ||
| 999 |
_c89480 _d89480 |
||